| 000 | 00631nam a2200229Ia 4500 | ||
|---|---|---|---|
| 003 | BUBTL | ||
| 008 | 151213s9999 xx 000 0 und d | ||
| 020 | _a8178086409 | ||
| 082 | _a657.3/ F811f/ 2002 | ||
| 100 | _aFoster, George | ||
| 245 |
_aFinancial Statements Analysis : _cGeorge Foster |
||
| 250 | _a2nd | ||
| 260 |
_aNew Delhi _bPearson Education Asia _cc2002 |
||
| 300 |
_a[xii], 625p . : _bill. Chart , Table ; |
||
| 500 | _aIncludes Index . | ||
| 650 | _aFinance | ||
| 650 |
_aFinance _94426 |
||
| 700 | _aGeorge Foster | ||
| 856 |
_k0 _l0 _yDownload |
||
| 942 |
_2ddc _cBK |
||
| 999 |
_c3700 _d3700 |
||